000 00595nam a2200217Ia 4500
005 20241129110120.0
008 241129s9999||||xx |||||||||||||| ||und||
020 _a978-8455-668-1
037 _aTB
040 _aARTS
_beng
_cARTS
041 _aeng
_2eng
084 _aV2y7M69 Q8
_qARTS
100 _aKashap R. K. Ed.
_9727254
245 0 _aGandhi and philosophy
_cKashap R. K. Ed.
260 _aNew Delhi, India
_bNew Omega Publications
_c2016
300 _avi,288p.
365 _aINR
_b995
650 _aHistory-India
942 _cTB
_hV2y7M69 Q8
999 _c1227356
_d1227356